Logo BPK

Biblioteka

Politechniki Koszalińskiej

Wybrane zagraniczne systemy informacji masowej. (Rekord nr 33691)

Szczegóły MARC
000 -ETYKIETA REKORDU
podpole kontrolne o stałej długości 00946nam a2200265 i 4500
001 - NUMER KONTROLNY REKORDU
pole kontrolne bg
020 ## - MIĘDZYNARODOWY ZNORMALIZOWANY NUMER KSIĄŻKI - ISBN
ISBN 8371511302
040 ## - ŹRÓDŁO KATALOGOWANIA
Instytucja, która utworzyła rekord BPK
041 0# - KOD JĘZYKA
Kod języka tekstu pl
080 ## - UNIWERSALNA KLASYFIKACJA DZIESIĘTNA - UKD
UKD 659.3/.4(73+4)"19"
920 ## - Międzynarodowy znormalizowany numer książki – ISBN
ISBN 83-7151-130-2
008 - POLE O STAŁEJ DŁUGOŚCI - DANE KONTROLNE
podpole kontrolne o stałej długości s pl f |000 0 pol
100 1# - NAZWA OSOBOWA
Nazwa osobowa ADAMOWSKI, Janusz
245 10 - TYTUŁ/ODPOWIEDZIALNOŚĆ
Tytuł Wybrane zagraniczne systemy informacji masowej.
Oznaczenie części/sekcji dzieła Cz. 1 /
Pozostałe elementy strefy tytułu i oznaczenia odpowiedzialności Janusz Adamowski, Bartłomiej Golka, Ewa Stasiak-Jazukiewicz.
260 ## - STREFA ADRESU WYDAWNICZEGO
Miejsce wydania Warszawa :
Nazwa wydawcy/dystrybutora ELIPSA,
Data publikacji, dystrybucji/powstania dokumentu 1996.
300 ## - STREFA OPISU FIZYCZNEGO
Objętość 179 s. ;
Rozmiary 20 cm.
650 #9 - HASŁO PRZEDMIOTOWE W FORMIE NAZWY OGÓLNEJ LUB JEDNOSTKOWEJ
Nazwa ogólna lub geograficzna Środki masowego przekazu
Określnik ogólny historia
Określnik geograficzny Stany Zjednoczone
Określnik chronologiczny 20 w
650 #9 - HASŁO PRZEDMIOTOWE W FORMIE NAZWY OGÓLNEJ LUB JEDNOSTKOWEJ
Nazwa ogólna lub geograficzna Środki masowego przekazu
Określnik ogólny historia
Określnik geograficzny Anglia
Określnik chronologiczny 20 w
650 #9 - HASŁO PRZEDMIOTOWE W FORMIE NAZWY OGÓLNEJ LUB JEDNOSTKOWEJ
Nazwa ogólna lub geograficzna Środki masowego przekazu
Określnik ogólny historia
Określnik geograficzny Francja
Określnik chronologiczny 20 w
650 #9 - HASŁO PRZEDMIOTOWE W FORMIE NAZWY OGÓLNEJ LUB JEDNOSTKOWEJ
Nazwa ogólna lub geograficzna Środki masowego przekazu
Określnik ogólny historia
Określnik geograficzny Niemcy
Określnik chronologiczny 20 w
650 #9 - HASŁO PRZEDMIOTOWE W FORMIE NAZWY OGÓLNEJ LUB JEDNOSTKOWEJ
Nazwa ogólna lub geograficzna Środki masowego przekazu
Określnik ogólny historia
Określnik geograficzny Rosja
Określnik chronologiczny 20 w
700 1# - HASŁO DODATKOWE - NAZWA OSOBOWA
Nazwa osobowa GOLKA, Bartłomiej
Daty związane z nazwą (1934- )
700 1# - HASŁO DODATKOWE - NAZWA OSOBOWA
Nazwa osobowa STASIAK-JAZUKIEWICZ, Ewa
856 ## - LOKALIZACJA I DOSTĘP DO ELEKTRONICZNYCH DOKUMENTÓW ZDALNYCH
Link (URL) http://koha.tu.koszalin.pl/cgi-bin/koha/opac-detail.pl?biblionumber=33691
Tekst linku Katalog online BPK
942 ## - DODATKOWE ELEMENTY (KOHA)
Typ dokumentu Książka
Egzemplarze
Wycofany Status egzemplarza Uszkodzony Dostępność Lokalizacja stała Lokalizacja bieżąca Miejsce przechowywania Sygnatura Kod kreskowy Typ dokumentu
      Dostępny Biblioteka Politechniki Koszalińskiej Biblioteka Politechniki Koszalińskiej Wypożyczalnia BG 44981 01341089 Książka
© 2023 Biblioteka Politechniki Koszalińskiej :: KOHA